000 00745cam a2200253 4500
001 4559860
003 OSt
005 20230704132642.0
008 730702s1974 njua b 001 0 eng
010 _a 73011012
020 _a0136978886
_a0136978703 (pbk.)
040 _aDLC
_cDLC
_dDLC
043 _an-us---
050 0 0 _aJK516
_b.S5
082 0 0 _a353.03/13
_bSIC
100 1 _aSickels, Robert J.
245 1 0 _aPresidential transactions
_c[by] Robert J. Sickels.
260 _aEnglewood Cliffs, N.J.,
_bPrentice-Hall
_c[1974]
300 _aviii, 184 p.
_billus.
_c23 cm.
504 _aIncludes bibliographical references.
650 0 _aPresidents
_zUnited States.
906 _a7
_bcbc
_corignew
_d1
_eocip
_f19
_gy-gencatlg
942 _2ddc
_cBK
999 _c3817
_d3817